000 00580nam a2200229Ia 4500
003 OSt
005 20220924144558.0
006 a|||||r|||| 00| 0
007 ta
008 220923b |||||||| |||| 00| 0 urd d
024 _a316020
037 _cTextual
040 _aARTS
_cARTS
_burd
041 _2urd
_aurd
082 _aO168,1NFA3,1, L3
100 _aFaza Ibn-e-Faizi
_9217960
245 0 _aSafina-e-zar-e-gul
260 _c1973
650 _aURDU POETRY
942 _hO168,1NFA3,1, L3
_cTEXL
_2CC
999 _c457552
_d457552